Statistics for People on the Jetpunk Discord Server

Click here to take the quiz!

General Stats

  • This quiz has been taken 42 times
    (4 since last reset)
  • The average score is 19 of 74

Answer Stats

Answer% Correct
Jetpunk
100%
Stewart
100%
Saturn
75%
Shadywyvern
75%
UG
75%
Vicky
75%
Abby
50%
Adri
50%
Aman
50%
CringeDragon
50%
Gassu
50%
Jakub
50%
Jasper
50%
Jeppy
50%
Macaco
50%
MiracleMax
50%
NinjaQKk
50%
rg1227
50%
^TheLetter4
50%
4Knowledge
25%
BotswanaEmperor
25%
Bread
25%
Casty
25%
Dekkie
25%
Devvik2
25%
dug28
25%
Dylan
25%
Enzo
25%
EytanMelech
25%
Frog
25%
Gaster
25%
interopia
25%
Jap
25%
Jetpunker180
25%
lele_20
25%
Liam
25%
Maximirb13
25%
Nilles
25%
NiobiumVoid
25%
orang_hutan
25%
Oskar
25%
Overtired
25%
Pacybwoah
25%
PiggyMan156
25%
Poirot
25%
Rawe
25%
Sealsi
25%
Simon1006
25%
ThatOneGuy25
25%
Tina
25%
Alex
0%
Augerd
0%
Commie Beens
0%
Coolest Chris
0%
Einstein
0%
ethanc
0%
Gyrule
0%
JessevdL
0%
Jpedrocm
0%
Kesuko
0%
Mattman
0%
NeongenesisXP
0%
Nikhaz
0%
Penguinish
0%
Pifeger
0%
Rassy8
0%
Raz
0%
Sameer
0%
Southie
0%
TacoJohn1267
0%
ThatNorwegianMapper
0%
TheLocalMilkMan
0%
Val
0%
YtpO
0%

Score Distribution

Percentile by Number Answered

Percent of People with Each Score

Your Score History

You have not taken this quiz since the last reset